| 000 | 01263nam a2200325 a 4500 | ||
|---|---|---|---|
| 001 | 000017789 | ||
| 003 | DO-SdBNP | ||
| 005 | 20180409095206.0 | ||
| 007 | 000017789 | ||
| 008 | 100406s1996 dr abc 000 0 spa d | ||
| 040 |
_aBPMSU _bspa _cBPMSU |
||
| 092 |
_a923.31 _bM385e |
||
| 100 | 1 | _aMartínez Almánzar, Juan Francisco | |
| 245 | 1 | 0 |
_aEnriquillo, ídolo de barro / _cJuan Francisco Martínez Almánzar. |
| 260 |
_aSanto Domingo : _b[s.n _c1995] |
||
| 300 |
_a220 p., xxxix : _bil., retr. ; _c22 cm. |
||
| 504 | _aIncluye referencias bibliográficas y notas al pie de las páginas | ||
| 504 | _aBibliografía : p. 218-219. | ||
| 600 | 1 | 4 |
_aENRIQUILLO, _d1503-1533 |
| 650 | 4 |
_aINDIGENAS DE REPÚBLICA DOMINICANA _zLA ESPAÑOLA (ISLA) _xBIOGRAFÍAS |
|
| 650 | 4 |
_aINDIGENAS DE REPÚBLICA DOMINICANA _xGUERRAS _zLA ESPAÑOLA (ISLA) |
|
| 651 | 4 |
_aREPÚBLICA DOMINICANA _xHISTORIA _xDESCUBRIMIENTO Y CONQUISTA, _y1492-1503 |
|
| 651 | 4 |
_aREPÚBLICA DOMINICANA _xHISTORIA _xCOLONIA, _y1503-1844 |
|
| 942 |
_2ddc _cBK |
||
| 945 | _aRemanejado para la BNPHU / BT | ||
| 956 |
_aVGENAO _b10 _c20100406 _lBND01 _h0900 |
||
| 956 |
_aNMORDAN _b10 _c20100427 _lBND01 _h1104 |
||
| 956 |
_aBTAVAREZ _b10 _c20100511 _lBND01 _h1137 |
||
| 956 |
_aTMEREDITH _b20 _c20110128 _lBND01 _h1540 |
||
| 999 |
_c7327 _d7327 |
||